000 00890cam a2200217 4500
001 J126450
008 040610n2003 000 0 eng u
035 _a(Sirsi) u126450
041 _aeng
050 _a364.163
_c18
110 _aRoyal Institution of Chartered Surveyors
_bProfessional Regulation and Consumer Protection
_94348
245 _aAnti-money laundering guidance for auctioneers proposing to sell real estate at auction in England and Wales
260 _a[S.l.]
_bRICS
_c2003
520 _aSets out guidance on fulfilling the client identification requirements particular to the conduct of real estate auctions under the Money Laundering Regulations 2003.
650 _aMONEY LAUNDERING REGULATIONS 2003
650 _aMONEY LAUNDERING
650 _aAUCTIONEERS
650 _aREAL ESTATE
690 _aMANAGEMENT-BUSINESS MANAGEMENT-PROFESSIONAL PRACTICE
942 _n0
999 _c103618
_d103618